MARC details
| 000 -CABECERA |
| campo de control de longitud fija |
01346nam a2200205 a 4500 |
| 001 - NÚMERO DE CONTROL |
| campo de control |
000046488 |
| 005 - FECHA Y HORA DE LA ÚLTIMA TRANSACCIÓN |
| campo de control |
20201002052916.0 |
| 008 - DATOS DE LONGITUD FIJA--INFORMACIÓN GENERAL |
| campo de control de longitud fija |
150819s2015 dr a 000 0 spa d |
| 020 ## - NÚMERO INTERNACIONAL ESTÁNDAR DEL LIBRO |
| Número Internacional Estándar del Libro |
9789945588354 |
| 040 ## - FUENTE DE LA CATALOGACIÓN |
| Centro catalogador/agencia de origen |
DO-SdBNP |
| Lengua de catalogación |
spa |
| Centro/agencia transcriptor |
BNPHU |
| 082 ## - NÚMERO DE LA CLASIFICACIÓN DECIMAL DEWEY |
| Número de clasificación |
xxxx |
| Número de documento/Ítem |
xxxx |
| 100 1# - ENTRADA PRINCIPAL--NOMBRE DE PERSONA |
| Nombre de persona |
Bruni, Nina |
| 9 (RLIN) |
54028 |
| 245 10 - MENCIÓN DE TÍTULO |
| Título |
Ruptura y viraje : |
| Resto del título |
la narrativa de Marcio Veloz Maggiolo 1960-1975 / |
| Mención de responsabilidad, etc. |
Nina Bruni. |
| 260 ## - PUBLICACIÓN, DISTRIBUCIÓN, ETC. |
| Lugar de publicación, distribución, etc. |
Santo Domingo : |
| Nombre del editor, distribuidor, etc. |
Nacional, |
| Fecha de publicación, distribución, etc. |
2015. |
| 300 ## - DESCRIPCIÓN FÍSICA |
| Extensión |
466 p. : |
| Otras características físicas |
il. ; |
| Dimensiones |
23 cm. |
| 500 ## - NOTA GENERAL |
| Nota general |
Incluye datos biográficos de la autora en las solapas |
| 500 ## - NOTA GENERAL |
| Nota general |
Incluye referencias bibliográficas y notas al pie de las páginas. |
| 504 ## - NOTA DE BIBLIOGRAFÍA, ETC. |
| Nota de bibliografía, etc. |
Bibliografía : p. 409-449 |
| 505 0# - NOTA DE CONTENIDO CON FORMATO |
| Nota de contenido con formato |
Capítulo 1 |
| Título |
La narrativa de Marcio Veloz Maggiolo y su rol en la construcción de la crítica literaria en la República Dominicana -- |
| Información miscelánea |
Capítulo 2 |
| Título |
Judas, El buen ladrón y otros textos bíblicos (1962): la novela bíblica en la alborada de la renovación narrativa -- |
| Información miscelánea |
Capítulo 3 |
| Título |
Nosotros, los suicidas (1965) y la vida no tiene nombre (1965): novela experimental y vanguardia narrativa -- |
| -- |
Afirmación de la narrativa de vanguardia -- |
| Información miscelánea |
Capítulo 4 |
| Título |
Los ángeles de hueso (1967): prosa lírica experimental rumbo a la nueva novela -- |
| -- |
Experimentacíon narrativa, existencialismo y fenomenología -- |
| -- |
Existencialismo, ritmo de la prosa y violencia -- |